000 00461nam a2200181 a 4500
001 6888
005 20180713190751.0
008 140415s1968 sp 000 0 spa d
041 _aspa
082 _a711.6
_bANA
100 1 _aACKOFF, R. L.
245 1 0 _aANALISIS DE LAS ESTRUCTURAS TERRITORIALES
250 _a1a ed.
260 _aESPAÑA :
_bGUSTAVO GILI,
_c1968
300 _a476
490 _aCIENCIA Y ECONOMICA
650 1 4 _aURBANISMO
999 _c6888
_d6888